[Event "FBL O"]
[Site "?"]
[Date "2018.11.17"]
[Round "3.1"]
[White "Lowke, Kathrin"]
[Black "Szczepkowska, Karina"]
[Result "0-1"]
[WhiteElo "1889"]
[BlackElo "2404"]
[PlyCount "62"]
[EventDate "2018.10.27"]
[EventType "team-tourn"]
[EventCountry "GER"]
[WhiteTeam "Leipzig SC Lindenau"]
[BlackTeam "Leipzig SV Blauweiss Allianz"]
[WhiteTeamCountry "GER"]
[BlackTeamCountry "GER"]

1. e4 d6 2. d4 Nf6 3. Nc3 Nc6 4. f3 e5 5. Nge2 Be7 6. Be3 O-O 7. Qd2 a6 8.
O-O-O b5 9. g4 exd4 10. Nxd4 Nxd4 11. Bxd4 Be6 12. g5 Nh5 13. h4 c6 14. Bh3 b4
15. Ne2 c5 16. Be3 Qa5 17. Bxe6 fxe6 18. Kb1 Rxf3 19. Nf4 Ng3 20. Qd3 Nxh1 21.
Qe2 Nf2 22. Rf1 Qb5 23. Nd3 Nxd3 24. Qxf3 Rf8 25. Qh3 Rxf1+ 26. Qxf1 Ne5 27.
Qh3 Qd7 28. h5 d5 29. Qg3 Bd6 30. exd5 Nc4 31. Bf4 Qf7 0-1

[Event "FBL O"]
[Site "?"]
[Date "2018.11.17"]
[Round "3.2"]
[White "Kulon, Klaudia"]
[Black "Spangenberg, Romy"]
[Result "1-0"]
[WhiteElo "2327"]
[BlackElo "1873"]
[PlyCount "67"]
[EventDate "2018.10.27"]
[EventType "team-tourn"]
[EventCountry "GER"]
[WhiteTeam "Leipzig SV Blauweiss Allianz"]
[BlackTeam "Leipzig SC Lindenau"]
[WhiteTeamCountry "GER"]
[BlackTeamCountry "GER"]

1. c4 e5 2. g3 Nf6 3. Bg2 Be7 4. Nc3 O-O 5. d3 d6 6. e3 Nbd7 7. Nge2 Nb6 8. b4
c6 9. a4 d5 10. a5 dxc4 11. axb6 cxd3 12. b5 Qxb6 13. Qxd3 Rd8 14. Qb1 cxb5 15.
Qxb5 Qc7 16. Ba3 a6 17. Qb2 Rb8 18. Bxe7 Qxe7 19. O-O b5 20. Rfd1 Bb7 21. e4 b4
22. Nd5 Nxd5 23. exd5 f6 24. Nc1 Qc5 25. Nd3 Qc4 26. Rac1 Qb5 27. Rc5 Qb6 28.
Qxb4 Qd6 29. Qa5 Ba8 30. Rdc1 Rb5 31. Rxb5 axb5 32. Nb4 Rb8 33. Qc7 Qf8 34. d6
1-0

[Event "FBL O"]
[Site "?"]
[Date "2018.11.17"]
[Round "3.3"]
[White "Weimert, Miriam"]
[Black "Daemering, Katrin"]
[Result "1-0"]
[WhiteElo "1760"]
[BlackElo "2026"]
[PlyCount "63"]
[EventDate "2018.10.27"]
[EventType "team-tourn"]
[EventCountry "GER"]
[WhiteTeam "Leipzig SC Lindenau"]
[BlackTeam "Leipzig SV Blauweiss Allianz"]
[WhiteTeamCountry "GER"]
[BlackTeamCountry "GER"]

1. e4 c5 2. Nc3 Nc6 3. Bc4 e6 4. f4 d6 5. Nf3 a6 6. a4 g6 7. d3 Bg7 8. O-O Nf6
9. Qe1 O-O 10. e5 Ne8 11. exd6 Nxd6 12. Ba2 Nb4 13. Bb3 b6 14. Ne4 Nf5 15. Ng3
Nd4 16. Nxd4 Bxd4+ 17. Kh1 Bd7 18. Ne4 Bg7 19. Rf3 h6 20. Rh3 e5 21. Rg3 Bf5
22. fxe5 Bxe5 23. Bxh6 Bxg3 24. Qxg3 Bxe4 25. dxe4 Qf6 26. Bc4 Rad8 27. Rf1 Qd6
28. e5 Qc6 29. h3 Nd5 30. Qf3 Rd7 31. Bxd5 Rxd5 32. Bxf8 1-0

[Event "FBL O"]
[Site "?"]
[Date "2018.11.17"]
[Round "3.5"]
[White "Spangenberg, Pia"]
[Black "Von Herman, Brigitte"]
[Result "0-1"]
[WhiteElo "1779"]
[BlackElo "2057"]
[PlyCount "70"]
[EventDate "2018.10.27"]
[EventType "team-tourn"]
[EventCountry "GER"]
[WhiteTeam "Leipzig SC Lindenau"]
[BlackTeam "Leipzig SV Blauweiss Allianz"]
[WhiteTeamCountry "GER"]
[BlackTeamCountry "GER"]

1. e4 e5 2. Nf3 d6 3. d4 exd4 4. Nxd4 Nf6 5. Nc3 Be7 6. Bc4 O-O 7. Be3 Nxe4 8.
Nxe4 d5 9. Bd3 dxe4 10. Bxe4 Re8 11. O-O Bf6 12. Bd3 Nd7 13. c3 Ne5 14. Bc2 Bg4
15. f3 Bh5 16. Bf2 a6 17. Re1 Bg6 18. Bxg6 hxg6 19. Qc2 c5 20. Nb3 b6 21. Rad1
Qc7 22. Nd2 Rad8 23. Bg3 Qc6 24. Ne4 Rxd1 25. Nxf6+ gxf6 26. Qxd1 Kg7 27. Bxe5
fxe5 28. Qe2 c4 29. Qe4 Qc5+ 30. Qe3 Qb5 31. Re2 Re6 32. Kf2 f6 33. f4 Qc6 34.
Qe4 Qc5+ 35. Kg3 exf4+ 0-1

[Event "FBL O"]
[Site "?"]
[Date "2018.11.17"]
[Round "3.6"]
[White "Just, Anita"]
[Black "Neumeyer, Hannelore"]
[Result "1/2-1/2"]
[WhiteElo "1888"]
[BlackElo "1886"]
[PlyCount "111"]
[EventDate "2018.10.27"]
[EventType "team-tourn"]
[EventCountry "GER"]
[WhiteTeam "Leipzig SV Blauweiss Allianz"]
[BlackTeam "Leipzig SC Lindenau"]
[WhiteTeamCountry "GER"]
[BlackTeamCountry "GER"]

1. e4 c6 2. d4 d5 3. Nc3 dxe4 4. Nxe4 Nf6 5. Nxf6+ exf6 6. c3 Be6 7. Bd3 Bd6 8.
Ne2 Qc7 9. Be3 Nd7 10. Qd2 c5 11. dxc5 Nxc5 12. Bb5+ Ke7 13. Nf4 Rhd8 14. Nxe6
fxe6 15. Qc2 g6 16. O-O-O Bf4 17. Bxf4 Qxf4+ 18. Kb1 a6 19. g3 Qe4 20. Be2 e5
21. f3 Qxc2+ 22. Kxc2 b5 23. Rxd8 Rxd8 24. Rd1 Rxd1 25. Kxd1 Kd6 26. c4 b4 27.
Kc2 a5 28. b3 Ne6 29. Kd3 Kc5 30. Ke4 Nd4 31. Bd1 Kd6 32. f4 Ne6 33. fxe5+ fxe5
34. Bg4 Nc5+ 35. Ke3 a4 36. bxa4 Nxa4 37. Bd1 Nc3 38. Bb3 h6 39. Kd3 Nb1 40.
Ke4 Nd2+ 41. Kd3 Nf1 42. Ke4 Nxh2 43. c5+ Kxc5 44. Kxe5 Ng4+ 45. Kf4 Nf6 46.
Bf7 Nd5+ 47. Ke5 Nc3 48. Kf6 Ne4+ 49. Kxg6 Nxg3 50. Kxh6 Kb5 51. Kg5 Ka4 52.
Kf4 Ne2+ 53. Ke3 Nc3 54. Kd4 Ka3 55. Kc5 Ne4+ 56. Kd4 1/2-1/2

[Event "FBL O"]
[Site "?"]
[Date "2018.11.17"]
[Round "3.1"]
[White "Beltz, Martina"]
[Black "Babiy, Olga"]
[Result "0-1"]
[WhiteElo "1943"]
[BlackElo "2314"]
[PlyCount "86"]
[EventDate "2018.10.27"]
[EventType "team-tourn"]
[EventCountry "GER"]
[WhiteTeam "Leipzig SG"]
[BlackTeam "Loeberitz SG"]
[WhiteTeamCountry "GER"]
[BlackTeamCountry "GER"]

1. d4 Nf6 2. Nf3 e6 3. Bg5 c5 4. e3 b6 5. Bd3 Bb7 6. O-O h6 7. Bh4 Be7 8. Nbd2
g5 9. Bg3 g4 10. Ne5 h5 11. Bh4 d6 12. Nec4 b5 13. Na3 c4 14. Be2 a6 15. c3 Nd5
16. Bxe7 Qxe7 17. Nc2 Nd7 18. a4 N7b6 19. axb5 axb5 20. Rxa8+ Bxa8 21. f3 f5
22. e4 Nf4 23. Ne3 Qg5 24. Rf2 Nh3+ 25. gxh3 gxf3+ 26. Ng2 fxe2 27. Qxe2 Kd7
28. Rf3 h4 29. Rf4 Rg8 30. Kf1 Na4 31. Nf3 Qxg2+ 32. Qxg2 Rxg2 33. Kxg2 Bxe4
34. Kf2 Nxb2 35. Ke2 Nd3 36. Rxh4 b4 37. Nd2 bxc3 38. Rh7+ Kd8 39. Rh8+ Ke7 40.
Rh7+ Kf6 41. Kd1 Nb2+ 42. Kc1 cxd2+ 43. Kxd2 Na4 0-1

[Event "FBL O"]
[Site "?"]
[Date "2018.11.17"]
[Round "3.2"]
[White "Naumann, Nadine"]
[Black "Petri, Birgit"]
[Result "1/2-1/2"]
[WhiteElo "1961"]
[BlackElo "1995"]
[PlyCount "74"]
[EventDate "2018.10.27"]
[EventType "team-tourn"]
[EventCountry "GER"]
[WhiteTeam "Loeberitz SG"]
[BlackTeam "Leipzig SG"]
[WhiteTeamCountry "GER"]
[BlackTeamCountry "GER"]

1. e4 c5 2. Nf3 e6 3. d3 Nc6 4. g3 d6 5. Bg2 Nf6 6. Nbd2 Be7 7. O-O O-O 8. Re1
Qc7 9. c3 Rb8 10. Nf1 b5 11. h3 Bb7 12. g4 Rfd8 13. Qe2 b4 14. Ng3 Ba6 15. c4
Nd7 16. b3 Bf6 17. Bb2 Bxb2 18. Qxb2 Nde5 19. Rad1 Nxf3+ 20. Bxf3 Nd4 21. Bg2
g6 22. Ne2 Nxe2+ 23. Rxe2 e5 24. Qd2 Qe7 25. f4 f6 26. Kh1 Bc8 27. f5 g5 28.
Qe1 Bd7 29. Bf3 Kg7 30. h4 h6 31. h5 a5 32. Rb2 Ra8 33. Rdb1 Ra6 34. Bd1 Bc6
35. Kg1 Rda8 36. Qe2 Qb7 37. Kf2 Qc7 1/2-1/2

[Event "FBL O"]
[Site "?"]
[Date "2018.11.17"]
[Round "3.3"]
[White "Gempe, Anet"]
[Black "Weise, Beatrix"]
[Result "1-0"]
[WhiteElo "1975"]
[BlackElo "1745"]
[PlyCount "71"]
[EventDate "2018.10.27"]
[EventType "team-tourn"]
[EventCountry "GER"]
[WhiteTeam "Leipzig SG"]
[BlackTeam "Loeberitz SG"]
[WhiteTeamCountry "GER"]
[BlackTeamCountry "GER"]

1. e4 c5 2. Nf3 Nc6 3. d4 cxd4 4. Nxd4 d6 5. Be2 g6 6. O-O Bg7 7. Be3 Bd7 8. c4
Nf6 9. Nc3 O-O 10. Kh1 Nxd4 11. Bxd4 Bc6 12. Qd3 Nd7 13. Bxg7 Kxg7 14. b4 b6
15. f4 Kg8 16. Rad1 Nf6 17. Bf3 Qc7 18. Rc1 Rac8 19. Qe3 Qb7 20. b5 Bd7 21. e5
Ng4 22. Qe2 Qb8 23. Bxg4 Bxg4 24. Qxg4 dxe5 25. Nd5 Rce8 26. fxe5 Qxe5 27. Rce1
Qd6 28. Qe4 Qa3 29. Nxe7+ Kg7 30. Qd4+ f6 31. Nd5 Rxe1 32. Rxe1 Rf7 33. h3 Qxa2
34. Rf1 Qe2 35. Rxf6 Qe1+ 36. Rf1+ 1-0

[Event "FBL O"]
[Site "?"]
[Date "2018.11.17"]
[Round "3.4"]
[White "Giebel, Christine"]
[Black "Halas, Lena"]
[Result "1-0"]
[WhiteElo "1847"]
[BlackElo "1758"]
[PlyCount "65"]
[EventDate "2018.10.27"]
[EventType "team-tourn"]
[EventCountry "GER"]
[WhiteTeam "Loeberitz SG"]
[BlackTeam "Leipzig SG"]
[WhiteTeamCountry "GER"]
[BlackTeamCountry "GER"]

1. e4 c6 2. d4 d5 3. e5 e6 4. f4 c5 5. c3 Nc6 6. Nf3 Nh6 7. Bd3 cxd4 8. cxd4
Bb4+ 9. Nc3 O-O 10. a3 Bxc3+ 11. bxc3 Na5 12. O-O Bd7 13. a4 Rc8 14. Ba3 Re8
15. Ng5 g6 16. Rf3 Kg7 17. Rh3 Rh8 18. Rxh6 f6 19. exf6+ Qxf6 20. Nxh7 Rxh7 21.
Rxg6+ Qxg6 22. Bxg6 Kxg6 23. Qd3+ Kg7 24. Bd6 Rh6 25. Rf1 Nc4 26. Be5+ Kf7 27.
f5 Nxe5 28. dxe5 Ke7 29. f6+ Kf7 30. Rf3 Rch8 31. Rg3 a6 32. Rg7+ Ke8 33. Qg3
1-0

[Event "FBL O"]
[Site "?"]
[Date "2018.11.17"]
[Round "3.5"]
[White "Just, Gabriele"]
[Black "Schuster, Rebekka"]
[Result "1/2-1/2"]
[WhiteElo "1847"]
[BlackElo "1822"]
[PlyCount "134"]
[EventDate "2018.10.27"]
[EventType "team-tourn"]
[EventCountry "GER"]
[WhiteTeam "Leipzig SG"]
[BlackTeam "Loeberitz SG"]
[WhiteTeamCountry "GER"]
[BlackTeamCountry "GER"]

1. d4 e6 2. Nf3 f5 3. Bf4 Nf6 4. Nbd2 Be7 5. e3 b6 6. Bd3 Bb7 7. O-O O-O 8. c3
Nh5 9. h3 Nxf4 10. exf4 Bd6 11. g3 Nc6 12. Nc4 Be7 13. a4 a5 14. Re1 Qe8 15.
Nfe5 Nd8 16. Bf1 d6 17. Nf3 Qc6 18. Ncd2 Qe8 19. Qb3 Qg6 20. Bc4 Be4 21. Nh2
Kh8 22. Re3 Bf6 23. Rae1 e5 24. dxe5 dxe5 25. Nxe4 fxe4 26. Rxe4 exf4 27. Rxf4
Nc6 28. Bd5 Bg5 29. Rg4 Qf6 30. f4 Bh6 31. Qc4 Ne7 32. Bxa8 Rxa8 33. Qe4 Nc6
34. Rh4 Rf8 35. Ng4 Qd6 36. Nxh6 gxh6 37. Kg2 Qd2+ 38. Re2 Qd6 39. Qe6 Qc5 40.
Rxh6 Nd8 41. Qd7 Nf7 42. Rc6 Qh5 43. Qe7 Qd5+ 44. Qe4 Qd7 45. Qe6 Qd8 46. Rc4
Nd6 47. Qe5+ Kg8 48. Rd4 Qd7 49. Qg5+ Kf7 50. Rd5 Rg8 51. Qh5+ Kf8 52. Ree5 Rg7
53. Rf5+ Kg8 54. Rg5 Qxa4 55. Rxg7+ Kxg7 56. Rg5+ Kh8 57. Qe2 Qc6+ 58. Kh2 Nf7
59. Rg4 Qd7 60. Qe3 h6 61. Rg6 Kh7 62. Re6 Qb5 63. Qe4+ Kh8 64. Qd4+ Kg8 65. c4
Qa4 66. h4 Qc2+ 67. Kh3 Qf5+ 1/2-1/2

[Event "FBL O"]
[Site "?"]
[Date "2018.11.17"]
[Round "3.6"]
[White "Reiss, Viktoria"]
[Black "Oswald, Lena"]
[Result "1/2-1/2"]
[WhiteElo "1374"]
[BlackElo "1690"]
[PlyCount "39"]
[EventDate "2018.10.27"]
[EventType "team-tourn"]
[EventCountry "GER"]
[WhiteTeam "Loeberitz SG"]
[BlackTeam "Leipzig SG"]
[WhiteTeamCountry "GER"]
[BlackTeamCountry "GER"]

1. e4 c5 2. Nf3 d6 3. d4 cxd4 4. Nxd4 Nf6 5. Nc3 g6 6. Qd3 Bg7 7. Be2 O-O 8.
O-O Nc6 9. Nf3 Be6 10. Ng5 Bg4 11. Bxg4 Nxg4 12. Qh3 h5 13. Nd5 Nd4 14. Qd3 Rc8
15. c3 Nc6 16. Ne3 Nf6 17. f4 Qb6 18. Kh1 Rfd8 19. Rb1 Rf8 20. Bd2 1/2-1/2

[Event "FBL O"]
[Site "?"]
[Date "2018.11.17"]
[Round "3.1"]
[White "Ratay, Meike"]
[Black "Arnhold, Steffi"]
[Result "1-0"]
[WhiteElo "2002"]
[BlackElo "1959"]
[PlyCount "33"]
[EventDate "2018.10.27"]
[EventType "team-tourn"]
[EventCountry "GER"]
[WhiteTeam "Saalfeld MTV"]
[BlackTeam "Niederwiesa SV Gruen Weiss"]
[WhiteTeamCountry "GER"]
[BlackTeamCountry "GER"]

1. e4 c5 2. Nf3 e6 3. d4 cxd4 4. Nxd4 a6 5. c4 Qc7 6. Nc3 Nf6 7. Bd3 d6 8. O-O
Be7 9. Be3 Nc6 10. f4 O-O 11. Rc1 e5 12. Nf5 Bxf5 13. exf5 Qd7 14. g4 d5 15.
cxd5 Nxd5 16. Nxd5 Qxd5 17. f6 1-0

[Event "FBL O"]
[Site "?"]
[Date "2018.11.17"]
[Round "3.3"]
[White "Dietrich, Mareike"]
[Black "Nobis, Martina"]
[Result "0-1"]
[WhiteElo "1735"]
[BlackElo "1877"]
[PlyCount "38"]
[EventDate "2018.10.27"]
[EventType "team-tourn"]
[EventCountry "GER"]
[WhiteTeam "Saalfeld MTV"]
[BlackTeam "Niederwiesa SV Gruen Weiss"]
[WhiteTeamCountry "GER"]
[BlackTeamCountry "GER"]

1. e4 c5 2. Nf3 d6 3. d4 cxd4 4. Nxd4 a6 5. Nc3 Nf6 6. Bg5 e6 7. f4 Be7 8. Qf3
Qc7 9. O-O-O O-O 10. g4 Nc6 11. Bh4 Nxd4 12. Rxd4 b5 13. g5 Nd7 14. f5 Ne5 15.
Qh3 Qc5 16. Rd2 b4 17. Na4 Qc6 18. b3 exf5 19. Bg2 f4 0-1

[Event "FBL O"]
[Site "?"]
[Date "2018.11.17"]
[Round "3.4"]
[White "Orlova, Liubov"]
[Black "Grund, Melanie"]
[Result "1-0"]
[WhiteElo "2015"]
[BlackElo "1785"]
[PlyCount "77"]
[EventDate "2018.10.27"]
[EventType "team-tourn"]
[EventCountry "GER"]
[WhiteTeam "Niederwiesa SV Gruen Weiss"]
[BlackTeam "Saalfeld MTV"]
[WhiteTeamCountry "GER"]
[BlackTeamCountry "GER"]

1. d4 d5 2. Nf3 Nf6 3. c4 e6 4. Bg5 Be7 5. Nc3 h6 6. Bh4 c6 7. e3 Nbd7 8. Rc1
dxc4 9. Bxc4 Nd5 10. Bxe7 Qxe7 11. O-O O-O 12. Bd3 Nxc3 13. Rxc3 e5 14. dxe5
Nxe5 15. Nxe5 Qxe5 16. Qc2 Be6 17. Rc5 Qf6 18. b4 Rac8 19. a4 Qe7 20. Rb1 Rfd8
21. Be4 Qd7 22. h3 Qd2 23. b5 Qxc2 24. Rxc2 Bd5 25. Bf5 Rb8 26. e4 Be6 27. Bxe6
fxe6 28. bxc6 bxc6 29. Rxb8 Rxb8 30. Rxc6 Rb6 31. Rxb6 axb6 32. f4 Kf7 33. Kf2
Kf6 34. Ke3 g5 35. e5+ Kf5 36. g4+ Kg6 37. Ke4 gxf4 38. Kxf4 h5 39. h4 1-0

[Event "FBL O"]
[Site "?"]
[Date "2018.11.17"]
[Round "3.5"]
[White "Lorenz, Anouk"]
[Black "Schiffer, Sabine"]
[Result "1-0"]
[WhiteElo "1359"]
[BlackElo "1829"]
[PlyCount "107"]
[EventDate "2018.10.27"]
[EventType "team-tourn"]
[EventCountry "GER"]
[WhiteTeam "Saalfeld MTV"]
[BlackTeam "Niederwiesa SV Gruen Weiss"]
[WhiteTeamCountry "GER"]
[BlackTeamCountry "GER"]

1. e4 c5 2. Nf3 Nc6 3. d4 cxd4 4. Nxd4 e6 5. Nc3 a6 6. Be2 Bb4 7. Be3 Nge7 8.
O-O Bxc3 9. bxc3 d5 10. Nxc6 bxc6 11. c4 Qa5 12. Qd4 O-O 13. Bd2 Qc7 14. cxd5
exd5 15. Bc3 f6 16. e5 Nf5 17. Qf4 Re8 18. Qd2 fxe5 19. Rfe1 Be6 20. Bg4 e4 21.
Bxf5 Bxf5 22. Re3 Re6 23. Rg3 Rg6 24. Rxg6 Bxg6 25. Re1 Rf8 26. Re3 Rf5 27. Rg3
Qb6 28. h3 Qb1+ 29. Kh2 Qxa2 30. Qd4 Rf7 31. h4 Qxc2 32. h5 Qxf2 33. hxg6 hxg6
34. Qxf2 Rxf2 35. Rxg6 Rf7 36. Rxc6 Rd7 37. Bd4 Kh7 38. Rxa6 g6 39. Kg3 Rf7 40.
Ra8 Kh6 41. Kg4 Re7 42. Rh8+ Rh7 43. Rd8 Re7 44. Be3+ Kg7 45. Rxd5 Kf7 46. Kf4
Re6 47. Re5 Ra6 48. Rxe4 Ra2 49. g4 Ra5 50. Re5 Ra4+ 51. Kg5 Ra8 52. Bc5 Ra6
53. Re7+ Kg8 54. Kh6 1-0

[Event "FBL O"]
[Site "?"]
[Date "2018.11.18"]
[Round "4.1"]
[White "Bui, Ngoc Han Julia"]
[Black "Ratay, Meike"]
[Result "0-1"]
[WhiteElo "1958"]
[BlackElo "2002"]
[PlyCount "62"]
[EventDate "2018.10.27"]
[EventType "team-tourn"]
[EventCountry "GER"]
[WhiteTeam "Dresden USV TU"]
[BlackTeam "Saalfeld MTV"]
[WhiteTeamCountry "GER"]
[BlackTeamCountry "GER"]

1. e4 c5 2. Nf3 d6 3. d4 Nf6 4. Nc3 cxd4 5. Nxd4 a6 6. Bg5 e6 7. f4 Nbd7 8. Qe2
Qc7 9. O-O-O Be7 10. g4 b5 11. a3 Bb7 12. Bg2 O-O 13. Kb1 Rab8 14. h4 Nb6 15.
Bxf6 Bxf6 16. g5 Bxd4 17. Rxd4 Nc4 18. Rd3 Bc6 19. Rg3 Bd7 20. f5 b4 21. axb4
Rxb4 22. b3 Qa5 23. Nd1 Qa3 24. Rc3 Bb5 25. Qf2 a5 26. f6 a4 27. fxg7 Ra8 28.
Rf1 Ra7 29. Rxc4 Bxc4 30. Qxa7 Rxb3+ 31. cxb3 Bd3# 0-1

[Event "FBL O"]
[Site "?"]
[Date "2018.11.18"]
[Round "4.3"]
[White "von Keyserlingk, Chanda"]
[Black "Dietrich, Mareike"]
[Result "1-0"]
[WhiteElo "1745"]
[BlackElo "1735"]
[PlyCount "63"]
[EventDate "2018.10.27"]
[EventType "team-tourn"]
[EventCountry "GER"]
[WhiteTeam "Dresden USV TU"]
[BlackTeam "Saalfeld MTV"]
[WhiteTeamCountry "GER"]
[BlackTeamCountry "GER"]

1. d4 Nf6 2. c4 g6 3. Nc3 Bg7 4. e4 d6 5. f3 O-O 6. Be3 Nc6 7. Nge2 e5 8. d5
Ne7 9. Qd2 Re8 10. Nc1 a6 11. Be2 h5 12. Nd3 Rb8 13. Nf2 Kh7 14. h4 Nfg8 15. g4
f5 16. exf5 gxf5 17. gxf5 Nxf5 18. Bd3 Bh6 19. Bxh6 Ngxh6 20. O-O-O Rg8 21.
Rdg1 Nf7 22. Rxg8 Kxg8 23. Rg1+ Kh8 24. Nce4 Nxh4 25. Ng5 Nxg5 26. Rxg5 Qe8 27.
Rg3 Qf8 28. Nh3 Nxf3 29. Rxf3 Qxf3 30. Qh6+ Kg8 31. Bh7+ Kf7 32. Ng5+ 1-0

[Event "FBL O"]
[Site "?"]
[Date "2018.11.18"]
[Round "4.4"]
[White "Grund, Melanie"]
[Black "Klemke, Kassandra"]
[Result "0-1"]
[WhiteElo "1785"]
[BlackElo "1626"]
[PlyCount "70"]
[EventDate "2018.10.27"]
[EventType "team-tourn"]
[EventCountry "GER"]
[WhiteTeam "Saalfeld MTV"]
[BlackTeam "Dresden USV TU"]
[WhiteTeamCountry "GER"]
[BlackTeamCountry "GER"]

1. d4 Nf6 2. Nf3 g6 3. g3 Bg7 4. Bg2 O-O 5. O-O d5 6. Bf4 Nbd7 7. c3 c6 8. Ne5
Nh5 9. Nxd7 Bxd7 10. Be3 f5 11. f4 Nf6 12. Nd2 Ne4 13. Qb3 Qb6 14. Qc2 Qc7 15.
Nf3 Rac8 16. Bf2 c5 17. e3 c4 18. Ne5 b5 19. Be1 Rb8 20. b4 Ra8 21. Bd2 a5 22.
a3 Ra6 23. Bxe4 fxe4 24. Nxd7 Qxd7 25. Qd1 Rfa8 26. Rc1 axb4 27. axb4 Ra2 28.
Rf2 R8a6 29. Be1 Qa7 30. Rxa2 Rxa2 31. Bd2 Qa3 32. Rc2 Qb3 33. Rc1 Qb2 34. Qg4
Qxd2 35. Qe6+ Kf8 0-1

[Event "FBL O"]
[Site "?"]
[Date "2018.11.18"]
[Round "4.5"]
[White "Hartmann, Anne"]
[Black "Lorenz, Anouk"]
[Result "1/2-1/2"]
[WhiteElo "1810"]
[BlackElo "1359"]
[PlyCount "90"]
[EventDate "2018.10.27"]
[EventType "team-tourn"]
[EventCountry "GER"]
[WhiteTeam "Dresden USV TU"]
[BlackTeam "Saalfeld MTV"]
[WhiteTeamCountry "GER"]
[BlackTeamCountry "GER"]

1. c4 f5 2. d4 g6 3. Nc3 Bg7 4. Nf3 Nf6 5. e3 O-O 6. Bd3 d6 7. O-O Qe8 8. d5 h6
9. Re1 e5 10. dxe6 Bxe6 11. e4 fxe4 12. Nxe4 Qf7 13. Qc2 Bf5 14. Be3 Nc6 15. a3
Bxe4 16. Bxe4 Nxe4 17. Qxe4 Bxb2 18. Rab1 Bg7 19. Rxb7 Na5 20. Rb4 Bc3 21. Bxh6
Rfe8 22. Qb1 Rxe1+ 23. Nxe1 Bxb4 24. Qxb4 Nxc4 25. Qc3 Kh7 26. Bc1 Rf8 27. Nf3
Kg8 28. Bh6 Rb8 29. h3 Ne5 30. Nxe5 dxe5 31. Qxe5 Re8 32. Qc3 Rb8 33. Qd4 a6
34. Kh2 Qe7 35. g3 Rd8 36. Qc4+ Kh7 37. Be3 a5 38. h4 Rd7 39. Qc3 a4 40. Bg5
Qe2 41. Be3 Qd3 42. Qc6 Qd5 43. Qxa4 Rf7 44. Qb4 c6 45. Bc5 Qe6 1/2-1/2

[Event "FBL O"]
[Site "?"]
[Date "2018.11.18"]
[Round "4.6"]
[White "Lorenz, Keana"]
[Black "Gottschall, Ina"]
[Result "1-0"]
[WhiteElo "1427"]
[BlackElo "1657"]
[PlyCount "101"]
[EventDate "2018.10.27"]
[EventType "team-tourn"]
[EventCountry "GER"]
[WhiteTeam "Saalfeld MTV"]
[BlackTeam "Dresden USV TU"]
[WhiteTeamCountry "GER"]
[BlackTeamCountry "GER"]

1. e4 g6 2. d4 Bg7 3. Nf3 d6 4. Bc4 c6 5. Nc3 b5 6. Bb3 b4 7. Ne2 Nf6 8. Ng3
O-O 9. O-O Nbd7 10. Bf4 Nb6 11. e5 Nfd5 12. Bd2 Bg4 13. Re1 dxe5 14. dxe5 c5
15. c4 bxc3 16. bxc3 c4 17. Bc2 Qc7 18. h3 Bxf3 19. Qxf3 Bxe5 20. Be4 Rad8 21.
Bh6 Bxc3 22. Bxf8 Kxf8 23. h4 Bxa1 24. Rxa1 Qe5 25. Rd1 e6 26. h5 Qf4 27. Bxd5
Nxd5 28. Qxf4 Nxf4 29. Rxd8+ Ke7 30. Rc8 c3 31. Rxc3 gxh5 32. Ra3 h4 33. Rxa7+
Kf6 34. Ne4+ Ke5 35. f3 f5 36. Nc3 h5 37. a4 h3 38. g3 Nd3 39. f4+ Kd6 40. a5
e5 41. fxe5+ Nxe5 42. a6 h4 43. Rh7 Nf3+ 44. Kh1 hxg3 45. Rxh3 f4 46. a7 Ng5
47. Rh6+ Ke5 48. a8=Q f3 49. Qd5+ Kf4 50. Rh4+ Ke3 51. Qd4# 1-0

[Event "FBL O"]
[Site "?"]
[Date "2018.11.18"]
[Round "4.1"]
[White "Babiy, Olga"]
[Black "Lowke, Kathrin"]
[Result "1-0"]
[WhiteElo "2314"]
[BlackElo "1889"]
[PlyCount "63"]
[EventDate "2018.10.27"]
[EventType "team-tourn"]
[EventCountry "GER"]
[WhiteTeam "Loeberitz SG"]
[BlackTeam "Leipzig SC Lindenau"]
[WhiteTeamCountry "GER"]
[BlackTeamCountry "GER"]

1. e4 c5 2. Nf3 e6 3. d4 cxd4 4. Nxd4 a6 5. Nc3 Qc7 6. Bd3 Nf6 7. f4 d6 8. Qe2
Nbd7 9. g4 Nc5 10. g5 Nfd7 11. Bd2 b5 12. a3 Bb7 13. b4 Nxd3+ 14. cxd3 Be7 15.
Rc1 Qd8 16. O-O Rc8 17. f5 exf5 18. Nxf5 O-O 19. Nd5 Bxg5 20. Rxc8 Bxc8 21. Qg2
f6 22. h4 Ne5 23. hxg5 Bxf5 24. Rxf5 fxg5 25. Bxg5 Qe8 26. Be7 Rxf5 27. exf5
Qc8 28. Bg5 Kf7 29. Ne7 Qc3 30. Qd5+ Ke8 31. Qg8+ Kd7 32. Qe6+ 1-0

[Event "FBL O"]
[Site "?"]
[Date "2018.11.18"]
[Round "4.2"]
[White "Spangenberg, Romy"]
[Black "Naumann, Nadine"]
[Result "1/2-1/2"]
[WhiteElo "1873"]
[BlackElo "1961"]
[PlyCount "103"]
[EventDate "2018.10.27"]
[EventType "team-tourn"]
[EventCountry "GER"]
[WhiteTeam "Leipzig SC Lindenau"]
[BlackTeam "Loeberitz SG"]
[WhiteTeamCountry "GER"]
[BlackTeamCountry "GER"]

1. e4 c6 2. d4 d5 3. e5 Bf5 4. Bd3 Bxd3 5. Qxd3 Qa5+ 6. c3 Qa6 7. Qc2 e6 8. Ne2
Ne7 9. O-O Nd7 10. Ng3 h5 11. Qe2 Qxe2 12. Nxe2 Nf5 13. Nd2 c5 14. Nb3 Be7 15.
f4 Rc8 16. dxc5 Nxc5 17. Nbd4 Nxd4 18. Nxd4 g6 19. Be3 Ne4 20. Rf3 a6 21. g3 b5
22. a3 Kd7 23. Kg2 Rc7 24. h3 Bc5 25. Nb3 Bxe3 26. Rxe3 Nc5 27. Nd4 Na4 28. Re2
Nb6 29. g4 hxg4 30. hxg4 Rcc8 31. Rh1 Rxh1 32. Kxh1 Rh8+ 33. Kg2 Rh4 34. Kg3
Rh1 35. f5 Rg1+ 36. Kh3 gxf5 37. gxf5 Na4 38. fxe6+ fxe6 39. Rf2 Rg7 40. Rf6
Re7 41. Rf2 Nc5 42. Rf3 Rh7+ 43. Kg2 Rg7+ 44. Kh2 Nb7 45. Rf6 Nd8 46. Rh6 Re7
47. Rg6 Rf7 48. Kg2 Ke7 49. Rg8 Rf4 50. Rxd8 Rxd4 51. cxd4 Kxd8 52. b4 1/2-1/2

[Event "FBL O"]
[Site "?"]
[Date "2018.11.18"]
[Round "4.3"]
[White "Weise, Beatrix"]
[Black "Weimert, Miriam"]
[Result "1/2-1/2"]
[WhiteElo "1745"]
[BlackElo "1760"]
[PlyCount "118"]
[EventDate "2018.10.27"]
[EventType "team-tourn"]
[EventCountry "GER"]
[WhiteTeam "Loeberitz SG"]
[BlackTeam "Leipzig SC Lindenau"]
[WhiteTeamCountry "GER"]
[BlackTeamCountry "GER"]

1. d4 Nf6 2. Nf3 g6 3. c4 Bg7 4. Nc3 c5 5. d5 d6 6. e4 Nbd7 7. h3 O-O 8. Be3 b6
9. Bd3 Bb7 10. O-O Ne8 11. Rc1 e5 12. Qc2 Nc7 13. b3 f6 14. Nd2 Qe7 15. g4 Rf7
16. f3 Raf8 17. Ne2 Bc8 18. Ng3 Ne8 19. Rf2 Bh8 20. Rg2 Ng7 21. Ndf1 Nb8 22.
Kh2 Na6 23. a3 Nc7 24. b4 Na6 25. b5 Nc7 26. a4 Bd7 27. Rb1 Rb8 28. Rb3 a6 29.
Ra3 Ra8 30. Ra2 a5 31. Ra3 Kf8 32. Rb3 Ke8 33. Rb1 Kd8 34. Rd1 Kc8 35. Rc1 Kb7
36. Bd2 Raf8 37. Ne3 Qd8 38. Rf1 Qc8 39. Rff2 Nce8 40. Rf1 Kc7 41. Rff2 Kb7 42.
Rg1 Kc7 43. Rgf1 Qd8 44. Kg2 Kb7 45. Ra1 Nc7 46. h4 h6 47. Kg1 Qc8 48. h5 g5
49. Kg2 Ka7 50. Re2 Kb7 51. Rae1 Ka7 52. Rd1 Kb7 53. Rf1 Ka7 54. Nef5 Nxf5 55.
exf5 Ne8 56. Ne4 Qc7 57. Qc3 Kb7 58. Qc1 Rg8 59. Kg3 Kb8 1/2-1/2